| 000 -LEADER |
| fixed length control field |
00512cam a22001817a 4500 |
| 008 - FIXED-LENGTH DATA ELEMENTS--GENERAL INFORMATION |
| fixed length control field |
180718b1961 xxu||||| |||| 00| 0 eng d |
| 082 ## - DEWEY DECIMAL CLASSIFICATION NUMBER |
| Classification number |
T000x51 H874/61 |
| 100 ## - MAIN ENTRY--PERSONAL NAME |
| Personal name |
Hughes, T.J. |
| 245 ## - TITLE STATEMENT |
| Title |
The Economic development of Communist China 1949-1960 |
| Statement of responsibility, etc. |
by T.J. Hughes and D.E.T. Luard |
| 250 ## - EDITION STATEMENT |
| Edition statement |
2nd ed. |
| 260 ## - PUBLICATION, DISTRIBUTION, ETC. |
| Place of publication, distribution, etc. |
London |
| Name of publisher, distributor, etc. |
OUP |
| Date of publication, distribution, etc. |
1961 |
| 300 ## - PHYSICAL DESCRIPTION |
| Extent |
229p. |
| 440 ## - SERIES STATEMENT/ADDED ENTRY--TITLE |
| Title |
bibl. |
| 500 ## - GENERAL NOTE |
| General note |
25/- |
| 650 ## - SUBJECT ADDED ENTRY--TOPICAL TERM |
| Topical term or geographic name entry element |
China - Economic Conditions |
| 650 ## - SUBJECT ADDED ENTRY--TOPICAL TERM |
| Topical term or geographic name entry element |
Economic Planning - China |
| 700 ## - ADDED ENTRY--PERSONAL NAME |
| Personal name |
Luard, D.E.T. |